| 000 | 00505nam a2200157Ia 4500 | ||
|---|---|---|---|
| 999 |
_c20402 _d20402 |
||
| 003 | OSt | ||
| 005 | 20200605145800.0 | ||
| 008 | 190216s9999||||xx |||||||||||||| ||und|| | ||
| 040 | _coclc | ||
| 082 |
_a324.25402 _bPUR/G |
||
| 100 |
_aPuri, Harish K _92555 |
||
| 245 | 0 |
_aGhadar Movement Ideology Organisation And Strategy / _cHarish K Puri |
|
| 260 |
_bGuru Nanak Dev University Press, _c1983. _aAmritsar: |
||
| 300 | _a218p | ||
| 942 |
_cBK _2ddc _h324.25402 _iPUR/G _k324.25402 _mPUR/G |
||